[Event "Muensterland Verbandsklasse-A 0506"]
[Site "Germany"]
[Date "2005.09.03"]
[Round "1.6"]
[White "Beckmann, Christian"]
[Black "Rutman, Gennady"]
[Result "1-0"]
[WhiteElo "1700"]
[BlackElo "1753"]
[PlyCount "69"]
[EventDate "2005.09.03"]
[EventType "team-tourn"]
[EventRounds "9"]
[EventCountry "GER"]
[SourceTitle "EXT 2006"]
[Source "ChessBase"]
[SourceDate "2005.11.24"]
[SourceVersion "1"]
[SourceVersionDate "2005.11.24"]
[SourceQuality "1"]
[WhiteTeam "Ahaus Wessum"]
[BlackTeam "Nienberge"]
[WhiteTeamCountry "GER"]
[BlackTeamCountry "GER"]

1. e4 e6 2. d4 d5 3. exd5 exd5 4. c4 dxc4 5. Bxc4 Nf6 6. Nc3 c6 7. Nf3 Bd6 8. 0-0 0-0 9. Bg5 Bg4 10. d5 c5 11. Ne4 Re8 12. Re1 a6 13. Bxf6 gxf6 14. Nxf6+ Qxf6 15. Rxe8+ Kg7 16. h3 Bd7 17. Re3 b5 18. Qb3 Ra7 19. Be2 c4 20. Qc3 Bf5 21. Nd4 Bg6 22. Rf3 Qe5 23. Nf5+ Bxf5 24. Rxf5 Qxc3 25. bxc3 Re7 26. Kf1 Nd7 27. a4 Bc5 28. axb5 axb5 29. Ra7 Bd6 30. Ra6 Be5 31. Rg5+ Kf8 32. Ra8+ Re8 33. Rg8+ Kxg8 34. Rxe8+ Kg7 35. Re7 1-0

[Event "Muensterland Verbandsklasse-A 0405"]
[Site "Muensterland"]
[Date "2005.03.05"]
[Round "7.8"]
[White "Van Almsick, Georg"]
[Black "Rutman, Gennady"]
[Result "1/2-1/2"]
[WhiteElo "1880"]
[BlackElo "2332"]
[PlyCount "54"]
[EventDate "2004.09.11"]
[EventType "team-tourn"]
[EventRounds "9"]
[EventCountry "GER"]
[SourceTitle "EXT 2006"]
[Source "ChessBase"]
[SourceDate "2005.11.24"]
[SourceVersion "1"]
[SourceVersionDate "2005.11.24"]
[SourceQuality "1"]
[WhiteTeam "Ahaus Wessum"]
[BlackTeam "Nienberge"]
[WhiteTeamCountry "GER"]
[BlackTeamCountry "GER"]

1. d4 Nf6 2. Nc3 d5 3. Bg5 Bf5 4. e3 e6 5. Bd3 Bg6 6. Nf3 Nbd7 7. 0-0 c6 8. e4 Qb6 9. exd5 cxd5 10. Rb1 Bd6 11. Re1 0-0 12. Bxg6 hxg6 13. Qd3 Rac8 14. Ne2 Qc7 15. c3 Qc4 16. Qxc4 Rxc4 17. Nd2 Rc6 18. Bf4 Rfc8 19. Bxd6 Rxd6 20. Nf4 b5 21. Nd3 Rdc6 22. Nb3 Ne4 23. f3 Nd6 24. Nbc5 Nxc5 25. Nxc5 R8c7 26. Re2 Nb7 27. Nd3 Kf8 1/2-1/2